000 00672nas a2200205 i 4500
001 10123
003 ES-MaACL
005 20230906145825.0
007 t|
008 950214s1994 sp | s l|01 0||pa d
020 _a84-7812-242-7
080 _a311.314(464.1)"1993"
080 _a352(464.1)"1993":31
245 0 0 _aAnuario estadístico 1993
_b: Ayuntamiento de Madrid.
260 _aMadrid :
_bAyuntamiento, Primera Tenencia de Alcaldía, Departamento de Estadística,
_c[1994?]
300 _a668 p. ;
_c30 cm.
651 4 _aMadrid-
_xEstadísticas.
_9146823
710 1 _aMadrid.
_bAyuntamiento.
_bDepartamento de Estadística.
_9168646
852 _aES-MaACL
_jC-10831
999 _c10123
_d10123